00373nam a22001457a 450000500170000000800410001704000290005805000230008710000180011024500330012825000120016126000330017330000100020665000110021620240523101112.0240523b |||||||| |||| 00| 0 eng d cChuka University Library aRC 263 b.H37 1962 aHarris R..J.C aCancer the nature of problem a3rd ed. aEnglandbPenguin booksc1962 a176p. acancer